01824nam a22003137a 4500999001700000003000800017008004100025037002800066039004000094040003500134041000800169080001300177100002900190245021300219260010000432300002300532500017900555650006300734650005900797650006300856655002300919700003100942700002600973710008900999942001301088952013501101952013501236952013901371 c42997d42997BI-BuBU200831b1998 bd fr|||| 000 0 fre d a179859bDon de l'auteur a20200831144737.0bConstance Niyimpa aBI-BuBUbfrecBI-BuBUdBI-BuBU0 afre a658.115.1 4aut.aBarasukana, Darius10aContribution à l'étude des problèmes de recouvrement des créances commerciales dans une entreprise publiquebcas de la REGIDESOcpar Darius Barasukana ; Célestin Nahimana ; Paul Niyungeko, directeur aBujumburabUniversité du Burundi, Faculté des Sciences Economiques et Administrativesc1998 aXII-106 f.c32 cm. aMémoire présenté et défendu publiquement en vue de l'obtention du grade de Licencié en Sciences Économiques et Administratives. Option : Gestion et Administration 72BI-BuBUaEntreprise publiquexREGIDESOxGestionxCréance 72BI-BuBUaREGIDESOxCréance commercialexRecouvrement 72BI-BuBUaGestionxCréancexEntreprise publiquexREGIDESO 72BI-BuBUaMémoire1 4aut.aNahimana, Célestin1 4dir.aNiyungeko, Paul1 4aut.aUniversité du BurundibFaculté des Sciences Economiques et Administratives 2udccMEM 00102udc4071967647aBFSEAbBFSEAd2020-08-31eDon de l'auteurl0o658.115.BAR.Rp5010000571115r2020-08-31t1w2020-08-31yMEM 00102udc4071967648aBFSEAbBFSEAd2020-09-01eDon de l'auteurl0o658.115.BAR.Rp5010000571122r2020-09-01t2w2020-09-01yMEM 00102udc4071967855aBCbBCd2020-09-09eDon de l'auteurl0oR.658.115.BAR.Rp5010000721466r2020-09-09t1w2020-09-09yMEMi179906